000
00262nam a2200133Ia 4500
100
_a
#N/A
650
_a
Computers
942
_c
BK
654
_a
AUTOCAD
245
_a
Mastering Autocad
260
_b
B.P.B.PUBL.
_a
New Delhi
082
_b
OMU
546
_a
ENGLISH
999
_c
20575
_d
20575